Normal view
MARC view
- شعر العربي-تاريخ ونقد-العصر الأموي
Entry Topical Term
001 - CONTROL NUMBER
- control field: 38778
003 - CONTROL NUMBER IDENTIFIER
- control field: JO-AjAnu
005 - DATE AND TIME OF LATEST TRANSACTION
- control field: 20230606080444.0
008 - FIXED-LENGTH DATA ELEMENTS
- fixed length control field: 230606|| aca||aabn | a|a d
040 ## - CATALOGING SOURCE
- Original cataloging agency: JO-AjAnu
- Transcribing agency: JO-AjAnu
150 ## - HEADING--TOPICAL TERM
- Topical term or geographic name entry element: شعر العربي-تاريخ ونقد-العصر الأموي
670 ## - SOURCE DATA FOUND
- Source citation: Work cat.: (JO-AjAnu)19888: جاد الرب، إبراهيم الدسوقي, author 38777, الشعراء غير المستوطنين في عهد عبد العزيز بن مروان